<?xml version="1.0" encoding="UTF-8"?>
<record
    xmlns:xsi="http://www.w3.org/2001/XMLSchema-instance"
    xsi:schemaLocation="http://www.loc.gov/MARC21/slim http://www.loc.gov/standards/marcxml/schema/MARC21slim.xsd"
    xmlns="http://www.loc.gov/MARC21/slim">

  <leader>01570nam a2200205Ia 4500</leader>
  <datafield tag="952" ind1=" " ind2=" ">
    <subfield code="0">0</subfield>
    <subfield code="1">0</subfield>
    <subfield code="4">0</subfield>
    <subfield code="7">0</subfield>
    <subfield code="a">04</subfield>
    <subfield code="b">04</subfield>
    <subfield code="d">2018-09-05</subfield>
    <subfield code="l">0</subfield>
    <subfield code="o">TA340 H5418 2005</subfield>
    <subfield code="p">04 006863</subfield>
    <subfield code="r">2018-09-05</subfield>
    <subfield code="t">1</subfield>
    <subfield code="w">2018-09-05</subfield>
    <subfield code="y">LB</subfield>
  </datafield>
  <datafield tag="999" ind1=" " ind2=" ">
    <subfield code="c">103347</subfield>
    <subfield code="d">103347</subfield>
  </datafield>
  <controlfield tag="008">120626s2008    mx a          000 0 spa d</controlfield>
  <datafield tag="020" ind1=" " ind2=" ">
    <subfield code="a">9789702405535</subfield>
  </datafield>
  <datafield tag="050" ind1="0" ind2="4">
    <subfield code="a">TA340</subfield>
    <subfield code="b">H5418 2005</subfield>
  </datafield>
  <datafield tag="240" ind1=" " ind2=" ">
    <subfield code="a">Probability and statistics in engineering</subfield>
  </datafield>
  <datafield tag="245" ind1="1" ind2="0">
    <subfield code="a">Probabilidad y estad&#xED;stica para ingenier&#xED;a</subfield>
    <subfield code="c">William W. Hines, Douglas C. Montgomery [y otros], traducci&#xF3;n Gabriel Nagore</subfield>
  </datafield>
  <datafield tag="250" ind1=" " ind2=" ">
    <subfield code="a">3a. edici&#xF3;n</subfield>
  </datafield>
  <datafield tag="260" ind1=" " ind2=" ">
    <subfield code="a">M&#xE9;xico</subfield>
    <subfield code="b">: Grupo Editorial Patria</subfield>
    <subfield code="c">, 2008</subfield>
  </datafield>
  <datafield tag="300" ind1=" " ind2=" ">
    <subfield code="a">xii,  780 p&#xE1;ginas</subfield>
    <subfield code="b">ilustrado</subfield>
  </datafield>
  <datafield tag="500" ind1=" " ind2=" ">
    <subfield code="a">Reimpresiones: 2008, 2011, 2013

Incluye: Ap&#xE9;ndice e &#xCD;ndice anal&#xED;tico</subfield>
  </datafield>
  <datafield tag="505" ind1=" " ind2=" ">
    <subfield code="a">Introducci&#xF3;n a la probabilidad
Variables aleatorias unidimensionales
Funciones de una variable aleatoria y el concepto de esperanza
Distribuciones de probabilidad conjunta
Algunas distribuciones discretas importantes
Algunas distribuciones continuas importantes
Distribuci&#xF3;n normal
Introducci&#xF3;n a la estad&#xED;stica y a la descripci&#xF3;n de datos
Muestras aleatorias y distribuciones muestrales
Estimaci&#xF3;n de par&#xE1;metros
Pruebas de hip&#xF3;tesis
Dise&#xF1;o y an&#xE1;lisis de experimentos de un solo factor: el an&#xE1;lisis de varianza
Dise&#xF1;o de experimentos con varios factores
Regresi&#xF3;n lineal simple y correlaci&#xF3;n
Regresi&#xF3;n m&#xFA;ltiple
Estad&#xED;stica no param&#xE9;trica
Control estad&#xED;stico de calidad e ingenier&#xED;a de confiabilidad
Procesos estoc&#xE1;sticos y l&#xED;neas de espera
Simulaci&#xF3;n por computadora</subfield>
  </datafield>
  <datafield tag="519" ind1=" " ind2=" ">
    <subfield code="a">Material Complementario /</subfield>
    <subfield code="d">(04  006863)</subfield>
  </datafield>
  <datafield tag="650" ind1="1" ind2="4">
    <subfield code="a">INGENIER&#xCD;A</subfield>
    <subfield code="x">M&#xC9;TODOS ESTAD&#xCD;STICOS</subfield>
  </datafield>
  <datafield tag="700" ind1=" " ind2=" ">
    <subfield code="a">Nagore, Gabriel</subfield>
    <subfield code="e">traductor</subfield>
  </datafield>
  <datafield tag="942" ind1=" " ind2=" ">
    <subfield code="c">LB</subfield>
  </datafield>
</record>
